<?xml version="1.0" encoding="UTF-8"?><?xml-stylesheet type="text/xsl" href="static/style.xsl"?><OAI-PMH xmlns="http://www.openarchives.org/OAI/2.0/" xmlns:xsi="http://www.w3.org/2001/XMLSchema-instance" xsi:schemaLocation="http://www.openarchives.org/OAI/2.0/ http://www.openarchives.org/OAI/2.0/OAI-PMH.xsd"><responseDate>2026-04-17T11:37:09Z</responseDate><request verb="GetRecord" identifier="oai:www.recercat.cat:2117/115602" metadataPrefix="marc">https://recercat.cat/oai/request</request><GetRecord><record><header><identifier>oai:recercat.cat:2117/115602</identifier><datestamp>2025-07-23T06:00:48Z</datestamp><setSpec>com_2072_1033</setSpec><setSpec>col_2072_452951</setSpec></header><metadata><record xmlns="http://www.loc.gov/MARC21/slim" xmlns:dcterms="http://purl.org/dc/terms/" xmlns:xsi="http://www.w3.org/2001/XMLSchema-instance" xmlns:doc="http://www.lyncode.com/xoai" xsi:schemaLocation="http://www.loc.gov/MARC21/slim http://www.loc.gov/standards/marcxml/schema/MARC21slim.xsd">
   <leader>00925njm 22002777a 4500</leader>
   <datafield ind2=" " ind1=" " tag="042">
      <subfield code="a">dc</subfield>
   </datafield>
   <datafield ind2=" " ind1=" " tag="720">
      <subfield code="a">Capell i Mateus, Jordi</subfield>
      <subfield code="e">author</subfield>
   </datafield>
   <datafield ind2=" " ind1=" " tag="720">
      <subfield code="a">Bellmunt i Claret, Glòria</subfield>
      <subfield code="e">author</subfield>
   </datafield>
   <datafield ind2=" " ind1=" " tag="260">
      <subfield code="c">2004</subfield>
   </datafield>
   <datafield ind2=" " ind1=" " tag="520">
      <subfield code="a">En el present treball final de carrera d’Arquitectura Tècnica, hem realitzat l’aixecament gràfic de l’Església de Sant Llorenç, ubicada en el casc antic de la ciutat de Lleida. Per les dimensions i característiques d’aquesta església s’ha realitzat tres treballs finals de carrera per sis alumnes, dos per treball i centrant cadascun d’aquests treballs en unes parts concretes de l’església.&#xd;
&#xd;
L’església en qüestió esta formada per una nau central romànica, dues naus laterals gòtiques disposades a banda i banda de la nau central, una torre – campanar i un porxo gòtic situat a la façana sud de l’església, al costat de la torre – campanar.&#xd;
&#xd;
El nostre treball es centra en la nau lateral sud, anomenada nau de Santa Llúcia, i s’organitza en tres parts:&#xd;
&#xd;
Per una banda s’ha realitzat l’aixecament gràfic de la part estudiada, realitzant diferents plantes, seccions, alçats i els detalls necessàris per a una bona comprenssió.  &#xd;
&#xd;
Per altra hem fet un recull històric i evolutiu de la totalitat del temple, i més àmpliament la nau de Santa Llúcia, malgrat que l’arxiu històric de Sant Llorenç  va desaparèixer durant la crema d’esglésies de l’any 1936. &#xd;
Juntament a aquest estudi històric i evolutiu de l’església hem estudiat els sistemes constructius de la mateixa, com també la seva relació amb el seu entorn i els estils arquitectònics que influeixen en l'edifici, que són el Romànic i el Gòtic i de la convivència que tenen aquests en una mateixa edificació. Així mateix es tracta la transició o el pas en el temps d'un estil a l'altre. Cal mencionar també que el treball realitzat no només fa referència al temple de Sant Llorenç, sinó que hem cregut convenient tractar una gran ciutat com és Lleida, al llarg de la seva història. &#xd;
&#xd;
Finalment en una altra part, hem estudiat el seu estat actual, analitzant les patologies i les possibles causes d’aquestes.</subfield>
   </datafield>
   <datafield tag="653" ind2=" " ind1=" ">
      <subfield code="a">Àrees temàtiques de la UPC::Edificació::Rehabilitació d'edificis</subfield>
   </datafield>
   <datafield tag="653" ind2=" " ind1=" ">
      <subfield code="a">Historic buildings -- Conservation and restauration</subfield>
   </datafield>
   <datafield tag="653" ind2=" " ind1=" ">
      <subfield code="a">Architecture, Romanesque</subfield>
   </datafield>
   <datafield tag="653" ind2=" " ind1=" ">
      <subfield code="a">Architecture, Gothic</subfield>
   </datafield>
   <datafield tag="653" ind2=" " ind1=" ">
      <subfield code="a">Religious architecture</subfield>
   </datafield>
   <datafield tag="653" ind2=" " ind1=" ">
      <subfield code="a">Church buildings</subfield>
   </datafield>
   <datafield tag="653" ind2=" " ind1=" ">
      <subfield code="a">Surveys</subfield>
   </datafield>
   <datafield tag="653" ind2=" " ind1=" ">
      <subfield code="a">Esglésies -- Conservació i restauració -- Catalunya -- Lleida</subfield>
   </datafield>
   <datafield tag="653" ind2=" " ind1=" ">
      <subfield code="a">Aixecaments arquitectònics -- Catalunya -- Lleida</subfield>
   </datafield>
   <datafield tag="653" ind2=" " ind1=" ">
      <subfield code="a">Església de Sant Llorenç (Lleida, Catalunya)</subfield>
   </datafield>
   <datafield tag="653" ind2=" " ind1=" ">
      <subfield code="a">Arquitectura religiosa -- Catalunya -- Lleida</subfield>
   </datafield>
   <datafield tag="653" ind2=" " ind1=" ">
      <subfield code="a">Arquitectura romànica -- Catalunya -- Lleida</subfield>
   </datafield>
   <datafield tag="653" ind2=" " ind1=" ">
      <subfield code="a">Arquitectura gòtica -- Catalunya -- Lleida</subfield>
   </datafield>
   <datafield ind2="0" ind1="0" tag="245">
      <subfield code="a">Aixecament arquitectònic de l'església de Sant Llorenç de Lleida (nau de Santa Llúcia)</subfield>
   </datafield>
</record></metadata></record></GetRecord></OAI-PMH>